|
|
|
|
| LEADER |
01028aam a22002538a 4500 |
| 001 |
00040257 |
| 005 |
20190311140324.0 |
| 008 |
160324s2015 ||||||viesd |
| 020 |
# |
# |
|c 350000
|
| 041 |
0 |
# |
|a vie
|
| 082 |
1 |
4 |
|a 657
|b CH250Đ
|
| 100 |
1 |
# |
|a Tường, Vi
|e Hệ thống
|
| 245 |
1 |
0 |
|a Chế độ kế toán đơn vị hành chính sự nghiệp
|b Thông tư số 107/2017/TT-BTC ngày 10/10/2017 của Bộ Tài Chính hướng dẫn Chế độ kế toán hành chính, sự nghiệp
|c Tường Vi (hệ thống)
|
| 260 |
# |
# |
|a TP. Hồ Chí Minh
|b Kinh tế TP. Hồ Chí Minh
|c 2017
|
| 300 |
# |
# |
|a 447 tr.
|c 28 cm.
|
| 653 |
# |
# |
|a Chế độ
|
| 653 |
# |
# |
|a Văn bản
|
| 653 |
# |
# |
|a Hành chính sự nghiệp
|
| 653 |
# |
# |
|a Kế toán
|
| 653 |
# |
# |
|a Tài chính
|
| 653 |
# |
# |
|a Tài khoản
|
| 852 |
# |
# |
|j KM.0023604
|j KD.0022856
|
| 910 |
# |
# |
|d 21/11/2017
|b chi
|
| 980 |
# |
# |
|a Trung tâm Học liệu Lê Vũ Hùng, Trường Đại học Đồng Tháp
|